00426nam a2200121 a 450000500170000000800410001705000170005810000200007524500490009526000350014499900190017995201060019820140414132059.0110805s19uu xx 00 eng d aTRbB63 2002 aMillard, Glenda aBones and maloney and the raspberry spiders. aNew York :bScholastic,c2002. c114406d114406 001040aMUbMUcTRd2011-08-05eBkRewardl0oTR B63 2002pM6222r2014-04-14 00:00:00w2014-04-14yBK